Некоторые приемы геометрического построения в иконописи Древней Руси; Молодежь и современные информационные технологии; Т. 2

Podrobná bibliografie
Parent link:Молодежь и современные информационные технологии: сборник трудов XII Всероссийской научно-практической конференции студентов, аспирантов и молодых ученых, г. Томск, 12-14 ноября 2014 г./ Национальный исследовательский Томский политехнический университет (ТПУ), Институт кибернетики (ИК) ; ред. кол. Е. А. Сикора [и др.].— , 2014
Т. 2.— 2014.— [С. 231-232]
Hlavní autor: Кашкенова А. А.
Korporativní autor: Национальный исследовательский Томский политехнический университет (ТПУ) Институт кибернетики (ИК) Кафедра инженерной графики и промышленного дизайна (ИГПД)
Další autoři: Белоенко Е. В. Елена Владимировна
Shrnutí:Заглавие с титульного экрана
Jazyk:ruština
Vydáno: 2014
Edice:Компьютерная графика и дизайн
Témata:
On-line přístup:http://earchive.tpu.ru/handle/11683/20307
http://www.lib.tpu.ru/fulltext/c/2014/C04/V2/109.pdf
Médium: Elektronický zdroj Kapitola
KOHA link:https://koha.lib.tpu.ru/cgi-bin/koha/opac-detail.pl?biblionumber=610937

MARC

LEADER 00000naa2a2200000 4500
001 610937
005 20231228114402.0
035 |a (RuTPU)RU\TPU\conf\8579 
035 |a RU\TPU\conf\8576 
090 |a 610937 
100 |a 20150209d2014 k y0rusy50 ca 
101 0 |a rus 
102 |a RU 
105 |a y z 101zy 
135 |a drcn ---uucaa 
181 0 |a i  
182 0 |a b 
200 1 |a Некоторые приемы геометрического построения в иконописи Древней Руси  |f А. А. Кашкенова, Е. В. Белоенко 
203 |a Текст  |c электронный 
225 1 |a Компьютерная графика и дизайн 
300 |a Заглавие с титульного экрана 
320 |a [Библиогр.: с. 232 (2 назв.)] 
337 |a Adobe Reader 
461 1 |0 (RuTPU)RU\TPU\conf\7802  |t Молодежь и современные информационные технологии  |o сборник трудов XII Всероссийской научно-практической конференции студентов, аспирантов и молодых ученых, г. Томск, 12-14 ноября 2014 г.  |o в 2 т.  |f Национальный исследовательский Томский политехнический университет (ТПУ), Институт кибернетики (ИК) ; ред. кол. Е. А. Сикора [и др.]  |d 2014 
463 0 |0 (RuTPU)RU\TPU\conf\7813  |t Т. 2  |v [С. 231-232]  |d 2014 
610 1 |a труды учёных ТПУ 
610 1 |a электронный ресурс 
610 1 |a геометрические построения 
610 1 |a иконопись 
610 1 |a Древняя Русь 
610 1 |a пространство 
610 1 |a эвклидовы пространства 
610 1 |a изображения 
700 1 |a Кашкенова  |b А. А. 
701 1 |a Белоенко  |b Е. В.  |c специалист в области начертательной геометрии  |c доцент Томского политехнического университета, кандидат технических наук  |f 1962-  |g Елена Владимировна  |3 (RuTPU)RU\TPU\pers\28285  |9 13229 
712 0 2 |a Национальный исследовательский Томский политехнический университет (ТПУ)  |b Институт кибернетики (ИК)  |b Кафедра инженерной графики и промышленного дизайна (ИГПД)  |3 (RuTPU)RU\TPU\col\18737 
801 2 |a RU  |b 63413507  |c 20210323  |g RCR 
856 4 |u http://earchive.tpu.ru/handle/11683/20307 
856 4 |u http://www.lib.tpu.ru/fulltext/c/2014/C04/V2/109.pdf 
942 |c BK